3 joueurs, un club (ordre alphabétique) - Statistiques

Statistiques générales
  • Ce quiz a été pris 104 fois
  • Le résultat moyen est 10 sur 26
Statistiques - réponses
Hint Réponse % Correct
Angel Di Maria, Eusebio, Gonçalo Ramos Benfica
93%
Unai Simon, Inigo Martinez, Aymeric Laporte Athletic Bilbao
80%
Lillian Thuram, Weston McKenny, Juan Cuadrado Juventus
74%
Eden Hazard, Thomas Meunier, José Fonte LOSC Lille
73%
Nigel De Jong, Rico Lewis, David Silva Manchester City
70%
Kevin Danso, Jonathan Clauss, Loïs Openda RC Lens
69%
Pierre-Emerick Aubameyang, Wahbi Khazri, Stephane Ruffier Saint-Etienne
67%
Ayoub El Kaabi, Kostas Manolas, Mathieu Valbuena Olympiakos
51%
Joe Hart, Henrik Larsson, Kieran Tierney Celtic Glasgow
46%
Hulk, Malcolm, Artem Dzyuba Zenith St-Petersbourg
44%
Victor Van Persie, David Hancko, Jordie Clasie Feyenoord
41%
Hugo Ekitike, Mario Götze, Luka Jovic Eintracht Frankfurt
37%
Paolo Dybala, Andrea Barzagli, Javier Pastore Palermo
37%
Guillaume Hoarau, Roman Bürki, Christan Fassnacht Young boys
37%
Ruben Neves, Daniel Podence, Conor Coady Wolverhampton
34%
Dani Parejo, David Villa, Mario Kempes Valencia
28%
Lovre Kalinic, Ivan Perisic, Josip Juranovic Hajduk Split
22%
Djibril Cissé, Les Ferdinand, Ilias Chair QPR
22%
Keylor Navas, Maxi Rodriguez, Lionel Messi Newell's Old Boys
21%
André-Pierre Gignac, Florian Thauvim, Hugo Ayala Tigres UANL
21%
Robin Gosens, Leonardo Bonucci, Christopher Trimmel Union Berlin
18%
Diego Forlan, Sergio Aguero, Ernesto Farias Independiente
14%
Juan Carlos Valeron, Diego Tristan, Mauro Silva Deportivo la Corogne
11%
Luca Zidane, Pablo Insua, Shon Weissmann Granada
4%
Eren Derdiyok, Mahmoud Trezeguet, Ryan Babel Kasimpasa
4%
Steve Von Bergen, Sébastien Wüthrich, Haris Seferovic Xamax (Neuchâtel)
2%
Aucun quiz correspondant
Distribution des résultats
% des personnes avec chaque résultat
Percentile par nombre de réponses
Votre historique - résultats
Vous n’avez pas pris ce quiz